Wymień kraje z największą ilością owiec - Statystyki

Ogólne statystyki
  • Ten quiz został rozwiązany 66 razy
  • Średni wynik to 32 z 50
Statystyki odpowiedzi
Ilość Kraj % Poprawnych
21 136 400 Rosja
95%
163 489 600 Chiny
90%
19 715 587 Brazylia
86%
74 260 615 Indie
84%
7 105 000 Francja
81%
26 821 846 Nowa Zelandia
81%
15 478 620 Hiszpania
79%
33 580 000 Wielka Brytania
79%
8 708 246 Meksyk
78%
14 774 196 Argentyna
76%
65 755 408 Australia
76%
35 194 972 Turcja
76%
6 693 744 Irak
74%
41 303 611 Iran
74%
7 000 880 Włochy
74%
29 428 929 Algieria
72%
32 267 265 Mongolia
72%
22 085 207 Południowa Afryka
72%
9 419 686 Arabia Saudyjska
67%
16 912 945 Kazachstan
67%
21 591 000 Maroko
66%
17 794 344 Indonezja
64%
30 859 000 Pakistan
64%
11 261 788 Peru
64%
10 616 810 Afganistan
62%
35 863 764 Czad
62%
40 896 000 Sudan
62%
31 849 003 Etiopia
60%
8 427 000 Grecja
60%
7 562 220 Libia
60%
13 192 925 Niger
57%
46 893 030 Nigeria
57%
14 067 666 Turkmenistan
57%
5 465 606 Kirgistan
55%
19 183 500 Mali
55%
14 557 655 Syria
55%
18 197 800 Uzbekistan
55%
8 291 176 Tanzania
52%
7 548 430 Boliwia
50%
27 440 945 Kenia
50%
11 687 422 Somalia
50%
18 614 300 Sudan Południowy
48%
6 370 844 Tunezja
48%
6 556 816 Urugwaj
48%
8 762 443 Jemen
47%
11 153 523 Mauretania
45%
10 358 700 Rumunia
45%
7 051 917 Senegal
40%
7 575 381 Azerbejdżan
36%
10 693 285 Burkina Faso
29%
Nie znaleziono quizów pasujących do podanych kryteriów
Rozkład punktacji
Procent ludzi z każdym wynikiem
Percentyl według liczby udzielonych odpowiedzi
Twoja historia wyników
Nie rozwiązałeś tego quizu